Statistics for Countries TheBerryLegend has been to by Flag Maps

Click here to take the quiz!

General Stats

  • This quiz has been taken 33 times
  • The average score is 31 of 32

Answer Stats

Answer% Correct
Australia
100%
Brazil
100%
Canada
100%
China
100%
Croatia
100%
Finland
100%
France
100%
Germany
100%
India
100%
Indonesia
100%
Ireland
100%
Italy
100%
Mexico
100%
Poland
100%
Saudi Arabia
100%
Spain
100%
Sweden
100%
United Kingdom
100%
United States
100%
Bangladesh
96%
Mongolia
96%
Russia
96%
Thailand
96%
Vietnam
96%
Kenya
93%
Malaysia
93%
Philippines
93%
Taiwan
93%
Brunei
89%
Laos
89%
Myanmar
89%
Singapore
89%

Score Distribution

Percentile by Number Answered

Percent of People with Each Score

Your Score History

You have not taken this quiz